[Event "FIDE Olympiad Disabilties 2020"]
[Site "Online"]
[Date "2020.11.21"]
[Round "2.11"]
[White "Sanz Arilla, Luis"]
[Black "Kishan, Gangolli"]
[Result "1-0"]
[WhiteElo "2254"]
[BlackElo "2128"]
[Annotator "NA"]
[PlyCount "105"]
[EventDate "2020.11.21"]
[EventType "team-tourn"]
[EventCountry "NET"]
[SourceTitle "playchess.com"]
[Source "ChessBase"]
[SourceQuality "1"]
[WhiteTeam "Spain"]
[BlackTeam "India"]
[WhiteTeamCountry "ESP"]
[BlackTeamCountry "IND"]

1. d4 Nf6 2. c4 e6 3. Nc3 Bb4 4. e3 O-O 5. Bd3 d5 6. Nf3 b6 7. cxd5 exd5 8. O-O Bxc3 9. bxc3 Ba6 10. a4 Bxd3 11. Qxd3 c5 12. dxc5 bxc5 13. c4 dxc4 14. Qxc4 Qd5 15. Qc2 Na6 16. Rd1 Nb4 17. Qe2 Qe6 18. Bb2 Ne4 19. Ne5 Rad8 20. f3 Nf6 21. e4 h6 22. Rac1 Rxd1+ 23. Rxd1 Qb3 24. a5 Rc8 25. Nc4 Nh5 26. g3 Nc2 27. f4 Nd4 28. Qd3 Qxd3 29. Rxd3 Rd8 30. Kf2 Nf6 31. Ke3 Ng4+ 32. Kd2 Nxh2 33. Bxd4 cxd4 34. e5 Rd5 35. Ke2 Ng4 36. Kf3 f5 37. Nd6 Ne3 38. Nc8 Nc2 39. Ne7+ Kf7 40. Nxd5 Ne1+ 41. Ke2 Nxd3 42. Kxd3 Ke6 43. Kxd4 g5 44. Nf6 gxf4 45. gxf4 Kf7 46. Kd5 Kg6 47. a6 Kf7 48. Kd6 Kg6 49. e6 Kxf6 50. e7 h5 51. e8=Q h4 52. Qe6+ Kg7 53. Qxf5 1-0

[Event "FIDE Olympiad Disabilties 2020"]
[Site "Online"]
[Date "2020.11.21"]
[Round "2.11"]
[White "Shashikant, Kutwal"]
[Black "Amato, Leonel"]
[Result "1/2-1/2"]
[WhiteElo "2182"]
[BlackElo "2100"]
[Annotator "NA"]
[PlyCount "103"]
[EventDate "2020.11.21"]
[EventType "team-tourn"]
[EventCountry "NET"]
[SourceTitle "playchess.com"]
[Source "ChessBase"]
[SourceQuality "1"]
[WhiteTeam "India"]
[BlackTeam "Argentina"]
[WhiteTeamCountry "IND"]
[BlackTeamCountry "ARG"]

1. e4 c5 2. Nf3 g6 3. c4 Bg7 4. d4 cxd4 5. Nxd4 Nc6 6. Be3 Nf6 7. Nc3 O-O 8. Be2 b6 9. O-O Bb7 10. Rc1 d6 11. Qd2 Qb8 12. f3 Rd8 13. Nd5 Rd7 14. Nxc6 Bxc6 15. Bd4 Nxd5 16. Bxg7 Kxg7 17. cxd5 Bb7 18. Qc3+ f6 19. Bb5 Rd8 20. Qc7 Kf7 21. Bd7 b5 22. Be6+ Kf8 23. Qa5 a6 24. Qb6 Re8 25. Bd7 Rd8 26. Rc7 Bc8 27. Qxb8 Rxb8 28. Bxc8 Rdxc8 29. Rfc1 Rxc7 30. Rxc7 Kf7 31. Kf2 f5 32. Ke3 Kf6 33. Kd4 Rb6 34. b4 h5 35. Ra7 e5+ 36. dxe6 Kxe6 37. Rg7 Kf6 38. Rc7 fxe4 39. fxe4 Ke6 40. a3 a5 41. Rg7 Kf6 42. bxa5 Ra6 43. Rb7 Rxa5 44. Rb6 Ke6 45. e5 Ra4+ 46. Kc3 Rxa3+ 47. Kb4 Rd3 48. exd6 Rxd6 49. Rxb5 Rd2 50. Rg5 Kf6 51. Kc3 Ra2 52. h4 1/2-1/2

[Event "FIDE Olympiad Disabilties 2020"]
[Site "Online"]
[Date "2020.11.21"]
[Round "2.11"]
[White "Naveen, Kumar A."]
[Black "Simone, Valeria"]
[Result "1-0"]
[WhiteElo "2035"]
[BlackElo "1453"]
[Annotator "NA"]
[PlyCount "115"]
[EventDate "2020.11.21"]
[EventType "team-tourn"]
[EventCountry "NET"]
[SourceTitle "playchess.com"]
[Source "ChessBase"]
[SourceQuality "1"]
[WhiteTeam "India"]
[BlackTeam "Argentina"]
[WhiteTeamCountry "IND"]
[BlackTeamCountry "ARG"]

1. d4 Nf6 2. c4 e6 3. g3 c5 4. e3 d5 5. Bg2 dxc4 6. Ne2 Nc6 7. O-O cxd4 8. exd4 Be7 9. Nbc3 O-O 10. Be3 Rb8 11. a3 a6 12. Qc2 Bd7 13. Rad1 Qc7 14. Bf4 Bd6 15. Bxd6 Qxd6 16. d5 exd5 17. Nxd5 Nxd5 18. Rxd5 Qe7 19. Nf4 Rbd8 20. Qxc4 Be6 21. Nxe6 Qxe6 22. Rc5 Qxc4 23. Rxc4 Rd6 24. h4 Re8 25. Rfc1 Ree6 26. b4 g6 27. Kf1 Kg7 28. a4 h5 29. Bxc6 Rxc6 30. R1c2 Rxc4 31. Rxc4 Rc6 32. Re4 Kf6 33. Rf4+ Ke7 34. Ke2 f5 35. Kd3 b6 36. Rd4 Rd6 37. a5 b5 38. Rxd6 Kxd6 39. Kd4 Ke6 40. f3 Kd6 41. f4 Ke6 42. Kc5 Kd7 43. Kd5 Ke7 44. Ke5 Kf7 45. Kd6 Kf6 46. Kc6 Ke6 47. Kb6 Kd6 48. Kxa6 Kc6 49. Ka7 Kc7 50. a6 Kc8 51. Kb6 Kb8 52. Kxb5 Ka7 53. Ka5 Ka8 54. b5 Kb8 55. b6 Ka8 56. Kb5 Kb8 57. Kc6 Kc8 58. a7 1-0

[Event "FIDE Olympiad Disabilties 2020"]
[Site "Online"]
[Date "2020.11.21"]
[Round "2.11"]
[White "Caballero, Cristian"]
[Black "Jennitha, Anto K."]
[Result "0-1"]
[WhiteElo "1851"]
[BlackElo "2001"]
[Annotator "TA"]
[PlyCount "102"]
[EventDate "2020.11.21"]
[EventType "team-tourn"]
[EventCountry "NET"]
[SourceTitle "playchess.com"]
[Source "ChessBase"]
[SourceQuality "1"]
[WhiteTeam "Argentina"]
[BlackTeam "India"]
[WhiteTeamCountry "ARG"]
[BlackTeamCountry "IND"]

1. e4 c5 2. e5 Nc6 3. f4 d5 4. c3 e6 5. d4 cxd4 6. cxd4 Qb6 7. Nf3 Nge7 8. Nc3 Nf5 9. Bb5 Bd7 10. O-O Nfxd4 11. Nxd4 Qxd4+ 12. Qxd4 Nxd4 13. Bxd7+ Kxd7 14. Be3 Nc2 15. Rae1 Nxe3 16. Rxe3 Bc5 17. Kf2 Bxe3+ 18. Kxe3 Rac8 19. f5 exf5 20. Rxf5 Ke6 21. g4 Rhd8 22. Kd3 a6 23. Ne2 Rc7 24. Nd4+ Ke7 25. b3 Rc1 26. Rf2 g6 27. Kd2 Ra1 28. Kc3 Re1 29. Nf3 d4+ 30. Kc4 d3 31. Nxe1 d2 32. Rxd2 Rxd2 33. h3 Rxa2 34. Nd3 Rc2+ 35. Kd4 Rh2 36. Nf4 g5 37. Nd5+ Ke6 38. Nc7+ Kd7 39. Nd5 Rxh3 40. b4 b5 41. Kc5 Ke6 42. Nc7+ Kxe5 43. Nxa6 f5 44. gxf5 Kxf5 45. Kxb5 g4 46. Kc6 g3 47. b5 g2 48. b6 Rb3 49. Nc5 Rxb6+ 50. Kxb6 g1=Q 51. Kc6 h5 0-1

[Event "FIDE Olympiad Disabilties 2020"]
[Site "Online"]
[Date "2020.11.21"]
[Round "2.12"]
[White "Piekielny, Pawel"]
[Black "Rosikhin, Igor"]
[Result "1-0"]
[WhiteElo "2098"]
[BlackElo "1832"]
[Annotator "NA"]
[PlyCount "125"]
[EventDate "2020.11.21"]
[EventType "team-tourn"]
[EventCountry "NET"]
[SourceTitle "playchess.com"]
[Source "ChessBase"]
[SourceQuality "1"]
[WhiteTeam "Poland"]
[BlackTeam "Belarus"]
[WhiteTeamCountry "POL"]
[BlackTeamCountry "BLR"]

1. e4 g6 2. d4 Bg7 3. Nc3 c5 4. Nf3 cxd4 5. Nxd4 Nc6 6. Be3 Nf6 7. f3 O-O 8. g4 Nxd4 9. Bxd4 Qa5 10. Qd2 h6 11. O-O-O d5 12. e5 Nd7 13. f4 Nb6 14. Qg2 Kh7 15. h4 Na4 16. Nxa4 Qxa4 17. Kb1 f5 18. h5 gxh5 19. gxh5 e6 20. Rg1 Rg8 21. Rd3 Qe8 22. Rg3 Qf7 23. c4 dxc4 24. Bxc4 Bd7 25. Qxb7 Rac8 26. Bb5 Rcd8 27. Qc7 Be8 28. Qxd8 Bxb5 29. Qa5 a6 30. Qd2 Qxh5 31. Qg2 Qf7 32. b3 Qd7 33. Rh3 Qf7 34. Bc5 Be8 35. Rg3 h5 36. Bd6 Kh8 37. Rg5 Kh7 38. Qg3 Kh8 39. Kb2 Kh7 40. Bc5 Kh8 41. Rh1 Bh6 42. Rhxh5 Qxh5 43. Rxg8+ Kh7 44. Ka3 Qf7 45. Rg5 Bxg5 46. Qxg5 Qc7 47. Qh4+ Kg7 48. Qf6+ Kh7 49. Qh4+ Kg7 50. Qg3+ Kh7 51. Qh2+ Kg7 52. Qg2+ Bg6 53. Qf2 Qa5+ 54. Kb2 Qc7 55. Bd6 Qc6 56. Be7 Kf7 57. Qh4 Qg2+ 58. Ka3 Ke8 59. Bd6 Qb7 60. Qh8+ Kd7 61. Qg7+ Kc6 62. Qxg6 Kd5 63. Qg2+ 1-0

[Event "FIDE Olympiad Disabilties 2020"]
[Site "Online"]
[Date "2020.11.21"]
[Round "2.12"]
[White "Koishman, Evgenij"]
[Black "Lapaj, Mateusz"]
[Result "0-1"]
[WhiteElo "2024"]
[BlackElo "2216"]
[Annotator "TA"]
[PlyCount "80"]
[EventDate "2020.11.21"]
[EventType "team-tourn"]
[EventCountry "NET"]
[SourceTitle "playchess.com"]
[Source "ChessBase"]
[SourceQuality "1"]
[WhiteTeam "Belarus"]
[BlackTeam "Poland"]
[WhiteTeamCountry "BLR"]
[BlackTeamCountry "POL"]

1. d4 Nf6 2. Nc3 d5 3. Bg5 Nbd7 4. f3 h6 5. Bh4 c6 6. Qd2 e5 7. e3 Bd6 8. O-O-O b5 9. Bd3 Qa5 10. Kb1 b4 11. Nce2 e4 12. fxe4 Nxe4 13. Bxe4 dxe4 14. d5 c5 15. Bg3 Qc7 16. Bxd6 Qxd6 17. Ng3 Nf6 18. N1e2 O-O 19. Rhf1 Re8 20. c4 bxc3 21. Nxc3 Ba6 22. Rf4 Bd3+ 23. Ka1 Re5 24. Nf5 Qb6 25. Qf2 Kh7 26. d6 g5 27. Qg3 Rb8 28. Rd2 Qa5 29. Rff2 Qxc3 30. Rd1 Rxb2 31. Rxb2 Rxf5 32. Qe1 Qe5 33. Rdd2 Rf1 34. Qxf1 Bxf1 35. d7 Nxd7 36. Rxd7 Bd3 37. Rxf7+ Kg6 38. Rxa7 c4 39. g4 Qf6 40. a4 c3 0-1

[Event "FIDE Olympiad Disabilties 2020"]
[Site "Online"]
[Date "2020.11.21"]
[Round "2.12"]
[White "Mikhalionak, Alena"]
[Black "Checiak, Krzysztof"]
[Result "0-1"]
[WhiteElo "1508"]
[BlackElo "1967"]
[Annotator "TA"]
[PlyCount "74"]
[EventDate "2020.11.21"]
[EventType "team-tourn"]
[EventCountry "NET"]
[SourceTitle "playchess.com"]
[Source "ChessBase"]
[SourceQuality "1"]
[WhiteTeam "Belarus"]
[BlackTeam "Poland"]
[WhiteTeamCountry "BLR"]
[BlackTeamCountry "POL"]

1. d4 Nf6 2. c4 e6 3. Nf3 b6 4. a3 Bb7 5. e3 Be7 6. Nc3 d5 7. Bd3 O-O 8. Qc2 dxc4 9. Bxc4 c5 10. O-O cxd4 11. Nxd4 Nbd7 12. Rd1 Qc8 13. Be2 Ne5 14. b4 a6 15. Bb2 Nc4 16. Bxc4 Qxc4 17. Rac1 Rac8 18. Qd2 Rfd8 19. Qe2 b5 20. h3 Nd5 21. Qf3 Ba8 22. Nxd5 Qxd5 23. Qg4 Rxc1 24. Rxc1 Bf6 25. Rc5 Qd7 26. Qe2 h6 27. Qc2 Qd6 28. Qc1 Bd5 29. Qc2 Ba8 30. Qc1 Bd5 31. Qc2 Qb8 32. Nc6 Bxc6 33. Rxc6 Bxb2 34. f4 Bf6 35. g3 Qb7 36. Rc5 Qf3 37. Qf2 Rd1+ 0-1

[Event "FIDE Olympiad Disabilties 2020"]
[Site "Online"]
[Date "2020.11.21"]
[Round "2.12"]
[White "Szewczyk, Malwina"]
[Black "Tsitou, Dzmitry"]
[Result "0-1"]
[WhiteElo "1418"]
[BlackElo "1773"]
[Annotator "NA"]
[PlyCount "226"]
[EventDate "2020.11.21"]
[EventType "team-tourn"]
[EventCountry "NET"]
[SourceTitle "playchess.com"]
[Source "ChessBase"]
[SourceQuality "1"]
[WhiteTeam "Poland"]
[BlackTeam "Belarus"]
[WhiteTeamCountry "POL"]
[BlackTeamCountry "BLR"]

1. d4 c6 2. e3 d5 3. Bd3 Nf6 4. Nf3 Bg4 5. Nbd2 Nbd7 6. O-O e5 7. dxe5 Nxe5 8. Be2 Bd6 9. Nxe5 Bxe2 10. Qxe2 Bxe5 11. Nf3 Qe7 12. c4 Rd8 13. Rb1 O-O 14. b3 Ne4 15. Bb2 Bxb2 16. Rxb2 Rfe8 17. Nd2 d4 18. exd4 Rxd4 19. Nf3 Rd6 20. Re1 Kf8 21. Rf1 Qd7 22. Qc2 Nf6 23. Ng5 Kg8 24. Nf3 h6 25. Rbb1 Rde6 26. Rbd1 Qc7 27. Qc3 c5 28. Rd3 Rd6 29. Re3 Red8 30. Qc2 Ng4 31. Rc3 Rd2 32. Qe4 Nf6 33. Qf5 Rxa2 34. Re3 Qa5 35. Ne1 Ra1 36. Rd3 Rxd3 37. Nxd3 Rxf1+ 38. Kxf1 Qa1+ 39. Ne1 Qd4 40. f3 Nd7 41. Qc2 a5 42. Qe2 Kf8 43. Qa2 b6 44. Qa4 Qd6 45. h3 Ne5 46. Qa1 f6 47. Qb1 Kg8 48. Qf5 Qd7 49. Qe4 Nc6 50. Qb1 Nd4 51. Qd3 Kf7 52. Qb1 b5 53. Qa2 bxc4 54. bxc4 Qc7 55. Qa4 Nf5 56. Qa2 Qb6 57. Qd2 Qb4 58. Qd7+ Ne7 59. Qg4 a4 60. Qh5+ Kf8 61. Qg4 a3 62. Qe4 Qb2 63. Nc2 a2 64. Qd3 Qxc2 65. Qxc2 a1=Q+ 66. Kf2 Qd4+ 67. Kf1 Nc6 68. Qa4 Ne5 69. Qa8+ Kf7 70. Qb7+ Kg6 71. Qd5 Qxc4+ 72. Qxc4 Nxc4 73. Ke2 Kf5 74. Kd3 Ne5+ 75. Ke3 c4 76. g3 c3 77. g4+ Ke6 78. f4 c2 79. Kd2 c1=Q+ 80. Kxc1 Nd3+ 81. Kd2 Nxf4 82. h4 Ng2 83. h5 Ke5 84. Ke2 Kf4 85. Kf2 Kxg4 86. Kxg2 Kxh5 87. Kh3 g5 88. Kg3 f5 89. Kh3 Kg6 90. Kg2 h5 91. Kf3 Kf6 92. Kg3 Ke5 93. Kf3 Kd4 94. Kf2 Ke4 95. Kg2 Ke3 96. Kf1 f4 97. Kg1 Ke2 98. Kg2 f3+ 99. Kg3 f2 100. Kh2 f1=R 101. Kg3 h4+ 102. Kh2 h3 103. Kxh3 g4+ 104. Kxg4 Ke3 105. Kg5 Ke4 106. Kg6 Ke5 107. Kg7 Ke6 108. Kg8 Ke7 109. Kh7 Rf6 110. Kg7 Ra6 111. Kg8 Kf6 112. Kh8 Kg6 113. Kg8 Ra8# 0-1

[Event "FIDE Olympiad Disabilties 2020"]
[Site "Online"]
[Date "2020.11.21"]
[Round "2.13"]
[White "Bozinovic, Bogdan"]
[Black "Maia, Jose Eduardo Bastos "]
[Result "1-0"]
[WhiteElo "2151"]
[BlackElo "2043"]
[Annotator "TA"]
[PlyCount "49"]
[EventDate "2020.11.21"]
[EventType "team-tourn"]
[EventCountry "NET"]
[SourceTitle "playchess.com"]
[Source "ChessBase"]
[SourceQuality "1"]
[WhiteTeam "Croatia"]
[BlackTeam "Brazil"]
[WhiteTeamCountry "CRO"]
[BlackTeamCountry "BRA"]

1. d4 Nf6 2. c4 c5 3. d5 b5 4. cxb5 a6 5. f3 g6 6. e4 d6 7. Na3 Bg7 8. Ne2 O-O 9. Nc3 Nbd7 10. Be2 Nb6 11. O-O Nfd7 12. Bd2 axb5 13. Naxb5 Ne5 14. b3 c4 15. Rb1 Ba6 16. Be3 Bxb5 17. Nxb5 Rxa2 18. bxc4 Nexc4 19. Bf2 Nd2 20. Na7 Na4 21. Nc6 Nc3 22. Qe1 Qa8 23. Nb4 Ndxb1 24. Nxa2 Qa7 25. Bxa7 1-0

[Event "FIDE Olympiad Disabilties 2020"]
[Site "Online"]
[Date "2020.11.21"]
[Round "2.13"]
[White "Barata, Adriano Albiani"]
[Black "Nestorovic, Vladimir"]
[Result "0-1"]
[WhiteElo "2144"]
[BlackElo "2203"]
[Annotator "TA"]
[PlyCount "62"]
[EventDate "2020.11.21"]
[EventType "team-tourn"]
[EventCountry "NET"]
[SourceTitle "playchess.com"]
[Source "ChessBase"]
[SourceQuality "1"]
[WhiteTeam "Brazil"]
[BlackTeam "Croatia"]
[WhiteTeamCountry "BRA"]
[BlackTeamCountry "CRO"]

1. d4 f5 2. Nf3 g6 3. g3 Bg7 4. Bg2 Nf6 5. O-O O-O 6. c4 d6 7. Nc3 c6 8. Re1 Kh8 9. e4 fxe4 10. Nxe4 Nxe4 11. Rxe4 Bf5 12. Re1 Nd7 13. Nh4 e5 14. Nxf5 gxf5 15. dxe5 dxe5 16. Qc2 e4 17. Rd1 Qe7 18. Bf4 Ne5 19. c5 Rfd8 20. Rab1 h6 21. b4 a6 22. a4 Qe6 23. Bxe5 Bxe5 24. b5 axb5 25. axb5 Bg7 26. Bh3 Qe5 27. bxc6 bxc6 28. Kg2 f4 29. Re1 Re8 30. Bd7 f3+ 31. Kh3 Qh5# 0-1

[Event "FIDE Olympiad Disabilties 2020"]
[Site "Online"]
[Date "2020.11.21"]
[Round "2.13"]
[White "Lopes, Marcia Maria Dias"]
[Black "Glazar, Domagoj"]
[Result "0-1"]
[WhiteElo "1363"]
[BlackElo "2137"]
[Annotator "TA"]
[PlyCount "62"]
[EventDate "2020.11.21"]
[EventType "team-tourn"]
[EventCountry "NET"]
[SourceTitle "playchess.com"]
[Source "ChessBase"]
[SourceQuality "1"]
[WhiteTeam "Brazil"]
[BlackTeam "Croatia"]
[WhiteTeamCountry "BRA"]
[BlackTeamCountry "CRO"]

1. d4 Nf6 2. Nf3 e6 3. Bf4 d5 4. e3 c5 5. c3 Nc6 6. Bd3 Bd6 7. Bg3 O-O 8. Nbd2 Qe7 9. O-O e5 10. dxe5 Nxe5 11. Bxe5 Bxe5 12. Nxe5 Qxe5 13. Nf3 Qh5 14. h3 Be6 15. Nh2 Qe5 16. Qf3 Rab8 17. Ng4 Bxg4 18. hxg4 Qg5 19. Qf5 Qxg4 20. Qxg4 Nxg4 21. Bf5 Nf6 22. Rad1 b5 23. a3 g6 24. Bc2 b4 25. Rb1 a5 26. axb4 axb4 27. Ba4 Ne4 28. Rfd1 bxc3 29. Rxd5 cxb2 30. Rd3 c4 31. Rd4 Nc3 0-1

[Event "FIDE Olympiad Disabilties 2020"]
[Site "Online"]
[Date "2020.11.21"]
[Round "2.14"]
[White "Dima, Mihai"]
[Black "Nguyen, Van Quan"]
[Result "0-1"]
[WhiteElo "1997"]
[BlackElo "1783"]
[Annotator "NA"]
[PlyCount "90"]
[EventDate "2020.11.21"]
[EventType "team-tourn"]
[EventCountry "NET"]
[SourceTitle "playchess.com"]
[Source "ChessBase"]
[SourceQuality "1"]
[WhiteTeam "Romania"]
[BlackTeam "Vietnam"]
[WhiteTeamCountry "ROU"]
[BlackTeamCountry "VIE"]

1. e4 c5 2. Nf3 d6 3. d4 cxd4 4. Nxd4 Nf6 5. Nc3 a6 6. Bg5 e6 7. f4 Qb6 8. Qd2 Qxb2 9. Rb1 Qa3 10. Be2 Qc5 11. f5 Be7 12. fxe6 fxe6 13. Be3 Qc7 14. O-O O-O 15. Bf3 Nc6 16. Nde2 Ne5 17. Bb6 Nc4 18. Qd4 Nxb6 19. Rxb6 d5 20. Na4 dxe4 21. Bxe4 e5 22. Bd5+ Kh8 23. Qc4 Qxc4 24. Bxc4 Bd8 25. Rfb1 Bxb6+ 26. Nxb6 Rb8 27. Nc3 Bf5 28. Rb2 Ne4 29. Ncd5 Nd2 30. Be2 Be4 31. Ne3 Bc6 32. Ng4 Rbe8 33. c4 Ne4 34. Bf3 h5 35. Ne3 g6 36. Nbd5 Nc5 37. Rb6 e4 38. Be2 Nd3 39. Nc7 Re5 40. Nxa6 Ra5 41. Nb4 Nxb4 42. Rxb4 Rxa2 43. Bf1 Ra3 44. Nc2 Rc3 45. Nd4 Rc1 0-1

[Event "FIDE Olympiad Disabilties 2020"]
[Site "Online"]
[Date "2020.11.21"]
[Round "2.14"]
[White "Curticapean, Pavel"]
[Black "Duong, Hien Vuong"]
[Result "0-1"]
[WhiteElo "1728"]
[BlackElo "1457"]
[Annotator "NA"]
[PlyCount "72"]
[EventDate "2020.11.21"]
[EventType "team-tourn"]
[EventCountry "NET"]
[SourceTitle "playchess.com"]
[Source "ChessBase"]
[SourceQuality "1"]
[WhiteTeam "Romania"]
[WhiteTeamCountry "ROU"]

1. e4 c5 2. Nf3 g6 3. d4 cxd4 4. Nxd4 Bg7 5. c3 Nc6 6. Be3 Nf6 7. Bd3 O-O 8. O-O d6 9. Nd2 Ng4 10. h3 Nxe3 11. fxe3 a6 12. N2f3 Bd7 13. Qe2 Rc8 14. Ng5 Ne5 15. c4 Nxd3 16. Qxd3 e5 17. Ndf3 h6 18. Nxf7 Rxf7 19. Qxd6 Qf6 20. Qd3 Bc6 21. b3 Rd8 22. Qc2 Qe6 23. g4 Rdf8 24. Kg2 g5 25. Rad1 Qg6 26. Nd2 Rxf1 27. Rxf1 Rxf1 28. Kxf1 h5 29. Qd3 hxg4 30. hxg4 Qh6 31. Nf3 Qf6 32. Ke2 Qe7 33. a4 Bf6 34. Qc3 Qe6 35. Qxe5 Bxe5 36. Nxe5 Qxe5 0-1

[Event "FIDE Olympiad Disabilties 2020"]
[Site "Online"]
[Date "2020.11.21"]
[Round "2.14"]
[White "Doan, Thu Huyen"]
[Black "Carapit, Vasile"]
[Result "1-0"]
[WhiteElo "1535"]
[BlackElo "1760"]
[Annotator "NA"]
[PlyCount "122"]
[EventDate "2020.11.21"]
[EventType "team-tourn"]
[EventCountry "NET"]
[SourceTitle "playchess.com"]
[Source "ChessBase"]
[SourceQuality "1"]
[WhiteTeam "Vietnam"]
[BlackTeam "Romania"]
[WhiteTeamCountry "VIE"]
[BlackTeamCountry "ROU"]

1. d4 d5 2. c4 c6 3. Nc3 Nf6 4. Nf3 Bf5 5. Qb3 Qc7 6. cxd5 cxd5 7. Nxd5 Nxd5 8. Qxd5 e6 9. Qb5+ Nc6 10. Bd2 a6 11. Qb3 Bd6 12. e3 O-O 13. Be2 Rac8 14. O-O h6 15. Rac1 Be4 16. g3 Bd5 17. Qa4 Qb6 18. Bc3 Rfd8 19. Nh4 g5 20. Nf3 Qa7 21. a3 b5 22. Qd1 Qb7 23. Nd2 Ne7 24. Bf3 Bxf3 25. Qxf3 Nd5 26. Ba5 Rxc1 27. Rxc1 Rc8 28. Rxc8+ Qxc8 29. Qd1 Qc6 30. Nb3 Nb6 31. Bxb6 Qxb6 32. Qc2 a5 33. Nd2 Qc7 34. Qxc7 Bxc7 35. b3 f6 36. Kf1 Kf7 37. Ke2 h5 38. h3 f5 39. Nf1 Bd6 40. a4 bxa4 41. bxa4 Bb4 42. f3 Ke7 43. g4 h4 44. e4 f4 45. Nd2 Kd6 46. Nc4+ Kc7 47. Kd3 Be1 48. Ne5 Bb4 49. Kc4 Be7 50. d5 exd5+ 51. exd5 Bf6 52. Nd3 Kd6 53. Nc5 Kc7 54. Ne4 Bd8 55. Kb5 Kd7 56. Ka6 Kc8 57. Kb5 Kd7 58. Nc5+ Kc8 59. Nb3 Kd7 60. Nxa5 Kd6 61. Nb7+ Kc7 1-0

[Event "FIDE Olympiad Disabilties 2020"]
[Site "Online"]
[Date "2020.11.21"]
[Round "2.14"]
[White "Tran, Thi Bich Thuy"]
[Black "Lupascu, Maria"]
[Result "1-0"]
[WhiteElo "1422"]
[BlackElo "1480"]
[Annotator "NA"]
[PlyCount "61"]
[EventDate "2020.11.21"]
[EventType "team-tourn"]
[EventCountry "NET"]
[SourceTitle "playchess.com"]
[Source "ChessBase"]
[SourceQuality "1"]
[WhiteTeam "Vietnam"]
[BlackTeam "Romania"]
[WhiteTeamCountry "VIE"]
[BlackTeamCountry "ROU"]

1. d4 f5 2. Bg5 h6 3. Bf4 Nf6 4. e3 g6 5. Nd2 Nc6 6. Qf3 d6 7. h4 Bg7 8. Qg3 Kf7 9. Bc4+ e6 10. Be2 Nb4 11. Bd1 Nbd5 12. c3 Nxf4 13. exf4 Nd5 14. Ngf3 Qe7 15. Bc2 c5 16. dxc5 dxc5 17. O-O-O Qc7 18. Ne5+ Bxe5 19. fxe5 Rg8 20. Nc4 a6 21. Rxd5 b6 22. Nd6+ Ke7 23. Rd2 Bd7 24. Rhd1 Bc6 25. f3 b5 26. Qf4 Rh8 27. g4 b4 28. c4 Rag8 29. Rg1 g5 30. hxg5 hxg5 31. Qe3 1-0

[Event "FIDE Olympiad Disabilties 2020"]
[Site "Online"]
[Date "2020.11.21"]
[Round "2.15"]
[White "Lopez, Henry"]
[Black "McConnell, Griffin"]
[Result "1-0"]
[WhiteElo "2107"]
[BlackElo "1823"]
[Annotator "TA"]
[PlyCount "67"]
[EventDate "2020.11.21"]
[EventType "team-tourn"]
[EventCountry "NET"]
[SourceTitle "playchess.com"]
[Source "ChessBase"]
[SourceQuality "1"]
[WhiteTeam "Philippines"]
[BlackTeam "United States"]
[WhiteTeamCountry "PHI"]
[BlackTeamCountry "USA"]

1. d4 c6 2. Nf3 d5 3. c4 Nf6 4. Nc3 a6 5. e3 Bg4 6. Qb3 b5 7. c5 Nbd7 8. a4 e5 9. Qa3 Rb8 10. axb5 axb5 11. Qa6 Qc8 12. b4 Bxf3 13. gxf3 Be7 14. Qxc8+ Rxc8 15. Bh3 exd4 16. exd4 O-O 17. Ra7 Rfd8 18. Ra6 h6 19. O-O Nh5 20. Ra7 Nhf6 21. Bf4 Ra8 22. Rfa1 Rxa7 23. Rxa7 g5 24. Bg3 h5 25. Bf5 h4 26. Bc7 Rc8 27. Ba5 Re8 28. Rxd7 Nh5 29. Kf1 Nf4 30. Ne2 Nh5 31. Rc7 Ng7 32. Bd7 Rf8 33. Rxc6 f5 34. Rc8 1-0

[Event "FIDE Olympiad Disabilties 2020"]
[Site "Online"]
[Date "2020.11.21"]
[Round "2.15"]
[White "Aigner, Michael"]
[Black "Severino, Sander"]
[Result "0-1"]
[WhiteElo "2006"]
[BlackElo "2364"]
[Annotator "NA"]
[PlyCount "114"]
[EventDate "2020.11.21"]
[EventType "team-tourn"]
[EventCountry "NET"]
[SourceTitle "playchess.com"]
[Source "ChessBase"]
[SourceQuality "1"]
[WhiteTeam "United States"]
[BlackTeam "Philippines"]
[WhiteTeamCountry "USA"]
[BlackTeamCountry "PHI"]

1. e4 c6 2. d4 d5 3. Nc3 dxe4 4. Nxe4 Nf6 5. Nxf6+ exf6 6. c3 Bd6 7. Bd3 O-O 8. Qc2 Re8+ 9. Ne2 h5 10. Be3 Nd7 11. O-O-O Nf8 12. Kb1 Be6 13. c4 Rc8 14. Nc3 Bb4 15. h3 b5 16. c5 Bxc3 17. Qxc3 Qd5 18. b3 Bf5 19. g4 Bxd3+ 20. Qxd3 h4 21. Qf5 Rcd8 22. Qxd5 Rxd5 23. Kc2 Ne6 24. Rd3 Red8 25. Rhd1 g5 26. b4 Kg7 27. Kc3 Kg6 28. a4 bxa4 29. Ra1 a5 30. Rxa4 axb4+ 31. Rxb4 Nxc5 32. Rd1 Ne6 33. Ra1 c5 34. dxc5 Nxc5 35. Ra7 Nd3 36. Rb6 R5d6 37. Rxd6 Rxd6 38. Ra4 Ne5 39. Ra1 f5 40. gxf5+ Kxf5 41. Rg1 Rc6+ 42. Kb3 f6 43. Ra1 Nc4 44. Bd4 Nd2+ 45. Kb2 Ke4 46. Ba7 Kf3 47. Rg1 Nc4+ 48. Kb3 Ne5 49. Be3 Nd3 50. Ba7 Nf4 51. Rd1 Nxh3 52. Rd3+ Kg2 53. Rd2 Nf4 54. Ra2 h3 55. Bd4 Kf3 56. Ba7 h2 57. Ra1 Kg2 0-1

[Event "FIDE Olympiad Disabilties 2020"]
[Site "Online"]
[Date "2020.11.21"]
[Round "2.15"]
[White "Mendoza, Cheyzer Crystal J."]
[Black "Thilaganathan, Jessica"]
[Result "1-0"]
[WhiteElo "1639"]
[BlackElo "1892"]
[Annotator "NA"]
[PlyCount "129"]
[EventDate "2020.11.21"]
[EventType "team-tourn"]
[EventCountry "NET"]
[SourceTitle "playchess.com"]
[Source "ChessBase"]
[SourceQuality "1"]
[WhiteTeam "Philippines"]
[BlackTeam "England"]
[WhiteTeamCountry "PHI"]
[BlackTeamCountry "ENG"]

1. e4 e6 2. d4 d5 3. exd5 exd5 4. Nf3 Nc6 5. h3 Bd6 6. c3 Nge7 7. Bd3 h6 8. O-O Be6 9. Re1 Qd7 10. b4 O-O-O 11. a4 g5 12. Ne5 Bxe5 13. dxe5 d4 14. Bb5 Bxh3 15. gxh3 Qxh3 16. Bf1 Qh4 17. Qf3 dxc3 18. Bg2 Qxb4 19. Ba3 Qc4 20. Nxc3 Rd3 21. Qf6 Re8 22. Bxe7 Rxc3 23. Qf5+ Kb8 24. Bf6 Re6 25. Rab1 a6 26. Red1 Ka7 27. Qh7 Re8 28. Qf5 Re6 29. Qe4 Qc5 30. Rd7 Rc1+ 31. Rxc1 Qxc1+ 32. Kh2 Qc5 33. Qb1 Na5 34. Rd5 Qxf2 35. Rxa5 Qf4+ 36. Kg1 Rb6 37. Qf1 Qd4+ 38. Qf2 Rb1+ 39. Bf1 Qxf2+ 40. Kxf2 Rb2+ 41. Kg3 Rb3+ 42. Kg4 Rb4+ 43. Kg3 Rf4 44. Be2 c6 45. Rc5 Rxa4 46. Rc1 Ra3+ 47. Bf3 Kb8 48. Rh1 b5 49. Rxh6 b4 50. Bxg5 c5 51. Rc6 Ra5 52. Bf4 Ka7 53. Rc7+ Kb8 54. Rxf7 b3 55. Rb7+ Kc8 56. Rxb3 c4 57. Rc3 Rc5 58. Bg4+ Kd8 59. Kf3 a5 60. Ke4 a4 61. Kd4 Rc7 62. Bc1 Rg7 63. Be6 Rg1 64. Rxc4 Rd1+ 65. Kc5 1-0